Engineering metallurgy /
Guardado en:
| Autor Principal: | |
|---|---|
| Formato: | Libro |
| Idioma: | English |
| Publicado: |
London :
Hodder and Stoughton,
1973-
|
| Edición: | 4th ed. |
| Materias: | |
| Etiquetas: |
Agregar Etiqueta
Sin Etiquetas, Sea el primero en etiquetar este registro!
|
| LEADER | 00928cam a22002655a 4500 | ||
|---|---|---|---|
| 001 | EIQ.libpla002485 | ||
| 008 | 740521m19739999enkao#########001#0#eng#d | ||
| 005 | 20070621191303.0 | ||
| 245 | 1 | 0 | |a Engineering metallurgy / |c [by] Raymond A. Higgins. |
| 250 | |a 4th ed. | ||
| 260 | |a London : |b Hodder and Stoughton, |c 1973- | ||
| 300 | |a 2 v. : |b il., fotos ; |c 23 cm. | ||
| 500 | |a Incluye índice. | ||
| 505 | 0 | |a pt. 1. Applied physical metallurgy -- pt. 2. Metallorgical process technology. | |
| 020 | |a 0340176725 (v. 1) | ||
| 020 | |a 0340176733 (pbk.) (v. 1) | ||
| 020 | |a 0340185066 (pbk.) (v. 2) | ||
| 100 | 1 | |a Higgins, Raymond Aurelius. | |
| 082 | 0 | 0 | |a 669 |2 19 |
| 650 | 4 | |a Procesos |x Metalurgia. | |
| 650 | 4 | |a Processes |x Metallurgy. | |
| 010 | |a 74165589 | ||
| 040 | |a DLC |c DLC |d AR-BbSID | ||
| 859 | |a AR-BbSID |b BIB. PLAPIQUI |h 669 |i H 535 |p 1230 |v Vol. 1 |3 Vol. 1 | ||
| 859 | |a AR-BbSID |b BIB. PLAPIQUI |h 669 |i H 535 |p 1231 |v Vol. 2 |3 Vol. 2 | ||
